| 000 | 00946nam a2200265Ia 4500 | ||
|---|---|---|---|
| 003 | OSt | ||
| 005 | 20221005111318.0 | ||
| 006 | a|||||r|||| 00| 0 | ||
| 007 | ta | ||
| 008 | 221004b |||||||| |||| 00| 0 hin d | ||
| 020 | _c200 | ||
| 024 | _a107345 | ||
| 037 |
_b462, 17/03/2011, Vani Prakashan _cTextual |
||
| 040 |
_aCRL _cCRL _bhin |
||
| 041 |
_2hin _ahin |
||
| 082 | _aO152,1(Delta25):g(Y), P0;P7 | ||
| 100 | _aप्रेमशंकर | ||
| 245 | 0 | _aभक्तिकाव्य का समाजशास्त्र | |
| 246 | _aBhaktikāvya kā samājashāstra | ||
| 260 |
_aनई दिल्ली _bवाणी प्रकाशन भारत _c2007 |
||
| 300 |
_a233पृ0 _ccm. |
||
| 650 | _aहिन्दी साहित्य | ||
| 942 |
_hO152,1(Delta25):g(Y), P0;P7 _cTEXL _2cc |
||
| 999 |
_c1021471 _d1021471 |
||